| Tag |
First Indicator |
Second Indicator |
Subfields |
| LEADER |
00000cam a2200000 4500 |
| 001 |
in00000037060 |
| 005 |
20151007070406.0 |
| 008 |
800529s1916 nyuak 00010 eng d |
| 035 |
|
|
|a (OCoLC)06371665
|
| 035 |
|
|
|9 AAE3923AM
|
| 040 |
|
|
|a TXA
|c TXA
|d UtOrBLW
|
| 049 |
|
|
|a TXAM
|c [22529]
|
| 090 |
|
|
|a QB145
|b .H6 1916
|
| 092 |
|
|
|a 522
|b H758m
|
| 100 |
1 |
|
|a Holt, Andrew H.
|q (Andrew Hall)
|
| 245 |
1 |
2 |
|a A manual of field astronomy /
|c by Andrew H. Holt ...
|
| 250 |
|
|
|a 1st ed. 1st thousand.
|
| 264 |
|
1 |
|a New York :
|b John Wiley & sons, inc; [etc., etc.],
|c [1916]
|
| 264 |
|
4 |
|c [©1916]
|
| 300 |
|
|
|a x, 128 pages including illustrations, tables, forms, diagrams ;
|c 17 cm.
|
| 336 |
|
|
|a text
|b txt
|2 rdacontent
|
| 337 |
|
|
|a unmediated
|b n
|2 rdamedia
|
| 338 |
|
|
|a volume
|b nc
|2 rdacarrier
|
| 500 |
|
|
|a Two unnumbered leaves of co-ordinate paper at end.
|
| 650 |
|
0 |
|a Spherical astronomy.
|
| 740 |
0 |
|
|a Field astronomy.
|
| 999 |
|
|
|a MARS
|
| 999 |
f |
f |
|s 056d7ba0-1822-3772-86dd-33ca369f5631
|i ae177e21-a989-3ca1-a50e-eccfa4946234
|t 0
|
| 952 |
f |
f |
|p ric
|a Texas A&M University
|b Rellis Campus
|c Joint Library Facility
|d Remote Storage
|t 0
|e QB145 .H6 1916
|h Library of Congress classification
|i unmediated -- volume
|m A14800899189
|
| 998 |
f |
f |
|a QB145 .H6 1916
|t 0
|l Remote Storage
|